| 000 | 01748cam a22004214a 4500 | ||
|---|---|---|---|
| 001 | 14602870 | ||
| 003 | OSt | ||
| 005 | 20140310182731.0 | ||
| 008 | 061020s2007 nyu b 001 0 eng | ||
| 010 | _a 2006050415 | ||
| 020 | _a9780345494511 (hc : alk. paper) | ||
| 020 | _a0345494504 | ||
| 035 | _a(OCoLC)74569776 | ||
| 040 |
_aDLC _cDLC _dYDX _dBAKER _dBTCTA _dTQA _dOMP _dVP@ _dYDXCP _dOCLCQ _dDLC |
||
| 042 | _apcc | ||
| 050 | 0 | 0 |
_aRJ 506.A9 _b.B63 2007 |
| 100 | 1 |
_aBock, Kenneth, _d1953- |
|
| 245 | 1 | 0 |
_aHealing the new childhood epidemics : _bautism, ADHD, asthma, and allergies : the groundbreaking program for the 4-A disorders / _cKenneth Bock and Cameron Stauth ; special contributions by Korri Fink. |
| 250 | _a1st ed. | ||
| 260 |
_aNew York : _bBallantine Books, _c2008. |
||
| 300 |
_a458 p. : _c24 cm. |
||
| 521 | _aTOU | ||
| 562 | _e1 | ||
| 650 | 0 | _aAutism in children. | |
| 650 | 0 | _aAttention-deficit hyperactivity disorder. | |
| 650 | 0 | _aAsthma in children. | |
| 650 | 0 | _aAllergy in children. | |
| 700 | 1 | _aStauth, Cameron. | |
| 700 | 1 | _aFink, Korri. | |
| 856 | 4 | 2 |
_3Contributor biographical information _uhttp://www.loc.gov/catdir/enhancements/fy0709/2006050415-b.html |
| 856 | 4 | 2 |
_3Publisher description _uhttp://www.loc.gov/catdir/enhancements/fy0709/2006050415-d.html |
| 856 | 4 | 1 |
_3Sample text _uhttp://www.loc.gov/catdir/enhancements/fy0709/2006050415-s.html |
| 856 | 4 | 1 |
_3Table of contents _uhttp://www.loc.gov/catdir/toc/fy0804/2006050415.html |
| 906 |
_a7 _bcbc _corignew _d1 _eocip _f20 _gy-gencatlg |
||
| 942 |
_2lcc _cBK _kFOR |
||
| 999 |
_c15463 _d15463 |
||